<?xml version="1.0" encoding="UTF-8"?>
<collection xmlns="http://www.loc.gov/MARC21/slim">
 <record>
  <leader>02243nab a2200229 i 4500</leader>
  <controlfield tag="001">acta24655</controlfield>
  <controlfield tag="005">20220725124520.0</controlfield>
  <controlfield tag="008">161017s1980    hu      o     0||   eng d</controlfield>
  <datafield tag="022" ind1=" " ind2=" ">
   <subfield code="a">0365-8066</subfield>
  </datafield>
  <datafield tag="040" ind1=" " ind2=" ">
   <subfield code="a">SZTE Egyetemi Kiadványok Repozitórium</subfield>
   <subfield code="b">hun</subfield>
  </datafield>
  <datafield tag="041" ind1=" " ind2=" ">
   <subfield code="a">eng</subfield>
  </datafield>
  <datafield tag="100" ind1="2" ind2=" ">
   <subfield code="a">Al-Fadhli I.</subfield>
  </datafield>
  <datafield tag="245" ind1="1" ind2="0">
   <subfield code="a">Phosphorites in Sinjar Formation of Sulaimaniah area, Iraq</subfield>
   <subfield code="h">[elektronikus dokumentum] /</subfield>
   <subfield code="c"> Al-Fadhli I.</subfield>
  </datafield>
  <datafield tag="260" ind1=" " ind2=" ">
   <subfield code="a">University of Szeged, Department of Mineralogy, Geochemistry and Petrology</subfield>
   <subfield code="b">Szeged</subfield>
   <subfield code="c">1980</subfield>
  </datafield>
  <datafield tag="300" ind1=" " ind2=" ">
   <subfield code="a">219-233</subfield>
  </datafield>
  <datafield tag="490" ind1="0" ind2=" ">
   <subfield code="a">Acta mineralogica-petrographica</subfield>
   <subfield code="v">24 No. 2</subfield>
  </datafield>
  <datafield tag="520" ind1="3" ind2=" ">
   <subfield code="a">Phosphorites in Sinjar Limestone Formation of Paleocene age have been discovered and investigated for their petrographic and geochemical characters. The study of the rocks associated with the phosphorites was also made to determine the sources of the phosphorites and the degree of correspondence with the associated limestone beds. The two horizons of phosphorites in the same stratigraphic succession are separated by 43 eet thick limestone beds which are completely non-phosphatic. The maximum content of P205 fn lower phosphorite horizon is 4.061% and the minimum is 1.460%. The upper horizon of the ¡phosphorite has a maximum of 5.947% and the minimum of 1.360% P2 05 at the top of this horizon. It is concluded that the layered phosphorite beds are recycled sedimentary deposits from the near by source. No effects of phosphatization could be observed on the associated rocks. Five phases of sedimentation representing different physico-chemical controls have been established on the bases of physical properties, chemical composition, petrographic characteristics and the fossils present in the beds. This discovery of phosphorites appeared very helpful in establishing the yet not reported linkage in the regional distribution of phosphorites of Paleocene age in Zagros Mountains of Iran in the east and Syria and Turkey on the west of Iraq.</subfield>
  </datafield>
  <datafield tag="650" ind1=" " ind2="4">
   <subfield code="a">Természettudományok</subfield>
  </datafield>
  <datafield tag="650" ind1=" " ind2="4">
   <subfield code="a">Föld- és kapcsolódó környezettudományok</subfield>
  </datafield>
  <datafield tag="695" ind1=" " ind2=" ">
   <subfield code="a">Kőzettan, Ásványtan, Földtan</subfield>
  </datafield>
  <datafield tag="700" ind1="0" ind2="1">
   <subfield code="a">Mallick Khalil Ahmed</subfield>
   <subfield code="e">aut</subfield>
  </datafield>
  <datafield tag="856" ind1="4" ind2="0">
   <subfield code="u">http://acta.bibl.u-szeged.hu/24655/1/mineralogica_024_fasc_002_219-233.pdf</subfield>
   <subfield code="z">Dokumentum-elérés </subfield>
  </datafield>
 </record>
</collection>
